| 000 | 00527nam a2200193Ia 4500 | ||
|---|---|---|---|
| 005 | 20250508155343.0 | ||
| 008 | 008 250505s9999 xx 000 0 hin d | ||
| 037 | _aTextual | ||
| 040 |
_aFEDL _beng _cFEDL |
||
| 041 |
_ahin _2hin |
||
| 084 |
_a155.4, SAB _qFEDL |
||
| 100 |
_aSabarval Kanchanlata _9766896 |
||
| 245 | 0 | _aSaral bal manovigyan | |
| 260 |
_aAllahabad, India _bHindi Bhawan _c1951 |
||
| 300 | _a154p. | ||
| 650 | _aChild Psychology | ||
| 942 |
_cTEXL _h155.4, SAB |
||
| 999 |
_c1356260 _d1356260 |
||